00671nam a22001697a 4500003000900000008004100009040007100050082002200121100003300143245004100176260003100217300002700248505018700275650001300462650001600475650001000491AR-CdUCM190723b ||||| |||| 00| 0 spa d aMUNICIPALIDAD PROVINCIAL DEL CUSCOcBIBLIOTECA MUNICIPAL DEL CUSCO aC / 398.61 /bR72 aRoca Wallparimachi, Demetrio aTres temas del folklore cusqueño / aCusco :bMercantil,c1992. a97 páginas ;c21 cm. aContenido : Fiesta de la Natividad de la Almudena del Cusco -- Folklore urbano actual del Cusco (sastres y costureras) -- El mito del Chujchu (origen de la enfermedad del paludismo). aFolklore aTradición aCusco